Mädchen in Cliquen: sozialräumliche Konstruktionsprozesse von Geschlecht in der weiblichen Adoleszenz
| Autor principal: | |
|---|---|
| Tipo de documento: | Print Libro |
| Lenguaje: | Alemán |
| Publicado: |
Weinheim [u.a.]
Juventa Verl.
2006
|
| En: | Año: 2006 |
| Acceso en línea: |
Inhaltstext (Publisher) Índice Índice Rezension (Publisher) |
| Disponibilidad en Tübingen: | Disponible en Tübingen. IFK: O VI 148 |
| Verificar disponibilidad: | HBZ Gateway |
| Servicio de pedido Subito: | Pedir ahora. |
| Palabras clave: |
MARC
| LEADER | 00000cam a2200000 c 4500 | ||
|---|---|---|---|
| 001 | 489526071 | ||
| 003 | DE-627 | ||
| 005 | 20260206203610.0 | ||
| 007 | tu | ||
| 008 | 050615s2006 gw ||||| m 00| ||ger c | ||
| 015 | |a 05,N26,0469 |2 dnb | ||
| 016 | 7 | |a 97513910X |2 DE-101 | |
| 020 | |a 9783779913740 |c kart. : EUR 23.00, ca. sfr 39.50 |9 978-3-7799-1374-0 | ||
| 020 | |a 3779913747 |c kart. : EUR 23.00, ca. sfr 39.50 |9 3-7799-1374-7 | ||
| 024 | 3 | |a 9783779913740 | |
| 028 | 5 | 2 | |a 13747 |
| 035 | |a (DE-627)489526071 | ||
| 035 | |a (DE-603)129762024 | ||
| 035 | |a (DE-576)11849290X | ||
| 035 | |a (DE-599)DNB97513910X | ||
| 035 | |a (OCoLC)162257482 | ||
| 035 | |a (OCoLC)162257482 | ||
| 035 | |a (DE-605)HT014580085 | ||
| 035 | |a (AT-OBV)AC04717774 | ||
| 040 | |a DE-627 |b ger |c DE-627 |e rakwb | ||
| 041 | |a ger | ||
| 044 | |c XA-DE | ||
| 082 | 0 | |a 300 | |
| 082 | 0 | 4 | |a 300 |
| 084 | |a MS 2500 |2 rvk |0 (DE-625)rvk/123640: | ||
| 084 | |a DU 3000 |2 rvk |0 (DE-625)rvk/20045:761 | ||
| 084 | |a DH 1000 |2 rvk |0 (DE-625)rvk/19572:761 | ||
| 084 | |a MS 2350 |2 rvk |0 (DE-625)rvk/123636: | ||
| 084 | |a 71.31 |2 bkl | ||
| 084 | |a 71.33 |2 bkl | ||
| 100 | 1 | |a Bütow, Birgit |d 1961- |0 (DE-588)130955086 |0 (DE-627)507584236 |0 (DE-576)170945197 |4 aut | |
| 109 | |a Bütow, Birgit 1961- |a Gabriel, Birgit 1961- |a Gabriel, B. 1961- |a Bütow, B. 1961- | ||
| 245 | 1 | 0 | |a Mädchen in Cliquen |b sozialräumliche Konstruktionsprozesse von Geschlecht in der weiblichen Adoleszenz |c Birgit Bütow |
| 264 | 1 | |a Weinheim [u.a.] |b Juventa Verl. |c 2006 | |
| 300 | |a 271 S. |c 23 cm | ||
| 336 | |a Text |b txt |2 rdacontent | ||
| 337 | |a ohne Hilfsmittel zu benutzen |b n |2 rdamedia | ||
| 338 | |a Band |b nc |2 rdacarrier | ||
| 490 | 0 | |a Geschlechterforschung | |
| 500 | |a Literaturverz. S. 257 - 271 | ||
| 502 | |a Teilw. zugl.: @Habil.-Schr. | ||
| 505 | 8 | |a Literaturverz. S. 257 - 271 | |
| 583 | 1 | |a Archivierung/Langzeitarchivierung gewährleistet |f PEBW |x XA-DE-BW |2 pdager |5 DE-31 | |
| 650 | 0 | 7 | |0 (DE-588)4189399-2 |0 (DE-627)104247371 |0 (DE-576)210059478 |a Weibliche Jugend |2 gnd |
| 650 | 0 | 7 | |0 (DE-588)4055783-2 |0 (DE-627)104675101 |0 (DE-576)209115386 |a Sozialisation |2 gnd |
| 650 | 0 | 7 | |0 (DE-588)4226662-2 |0 (DE-627)104969857 |0 (DE-576)210315997 |a Clique |2 gnd |
| 650 | 4 | |a Geschlechterforschung | |
| 650 | 4 | |a Weibliche Jugend | |
| 650 | 4 | |a Clique | |
| 650 | 4 | |a Mädchen | |
| 650 | 4 | |a Sozialisation | |
| 650 | 4 | |a Peer-group | |
| 655 | 7 | |a Hochschulschrift |0 (DE-588)4113937-9 |0 (DE-627)105825778 |0 (DE-576)209480580 |2 gnd-content | |
| 689 | 0 | 0 | |d s |0 (DE-588)4189399-2 |0 (DE-627)104247371 |0 (DE-576)210059478 |a Weibliche Jugend |2 gnd |
| 689 | 0 | 1 | |d s |0 (DE-588)4055783-2 |0 (DE-627)104675101 |0 (DE-576)209115386 |a Sozialisation |2 gnd |
| 689 | 0 | 2 | |d s |0 (DE-588)4226662-2 |0 (DE-627)104969857 |0 (DE-576)210315997 |a Clique |2 gnd |
| 689 | 0 | |5 DE-101 | |
| 689 | 1 | 0 | |d s |0 (DE-588)4036871-3 |0 (DE-627)104253827 |0 (DE-576)209020989 |a Mädchen |2 gnd |
| 689 | 1 | 1 | |d s |0 (DE-588)4055783-2 |0 (DE-627)104675101 |0 (DE-576)209115386 |a Sozialisation |2 gnd |
| 689 | 1 | 2 | |d s |0 (DE-588)4482930-9 |0 (DE-627)238719960 |0 (DE-576)212897381 |a Geschlechterforschung |2 gnd |
| 689 | 1 | |5 (DE-627) | |
| 856 | 4 | 2 | |u http://www.socialnet.de/rezensionen/isbn.php?isbn=978-3-7799-1374-0 |m V:DE-601 |m B:socialnet. |q text/html |v 201307-05 |x Verlag |y Rezension (socialnet.) |3 Rezension |7 1 |
| 856 | 4 | 2 | |u http://deposit.dnb.de/cgi-bin/dokserv?id=2642802&prov=M&dok_var=1&dok_ext=htm |m X: MVB |q text/html |v 20130501 |x Verlag |3 Inhaltstext |7 1 |
| 856 | 4 | 2 | |u https://swbplus.bsz-bw.de/bsz11849290xinh.htm |m B:DE-576;DE-Mit1 |q application/pdf |v 20090129100051 |x Verlag |3 Inhaltsverzeichnis |7 1 |
| 856 | 4 | 2 | |u http://scans.hebis.de/HEBCGI/show.pl?12976202_toc.pdf |m V:DE-605 |q application/pdf |3 Inhaltsverzeichnis |7 1 |
| 935 | |i Blocktest | ||
| 935 | |h HEB |i 0501 | ||
| 935 | |h HEB |i 0503 | ||
| 936 | r | v | |a MS 2500 |b Jugendbewegung, Jugendverbände, Jugendorganisationen |k Soziologie |k Spezielle Soziologien |k Jugendsoziologie |k Jugendbewegung, Jugendverbände, Jugendorganisationen |0 (DE-627)1270715518 |0 (DE-625)rvk/123640: |0 (DE-576)200715518 |
| 936 | r | v | |a DU 3000 |b Allgemeines und Deutschland |k Pädagogik |k Pädagogische Soziologie |k Jugendsoziologie |k Allgemeines und Deutschland |0 (DE-627)1270809784 |0 (DE-625)rvk/20045:761 |0 (DE-576)200809784 |
| 936 | r | v | |a DH 1000 |b Allgemeines und Deutschland |k Pädagogik |k Geschlechtsspezifische Aspekte der Bildung |k Allgemeines und Deutschland |0 (DE-627)1270707027 |0 (DE-625)rvk/19572:761 |0 (DE-576)200707027 |
| 936 | r | v | |a MS 2350 |b Jugend, Kultur und Freizeit |k Soziologie |k Spezielle Soziologien |k Jugendsoziologie |k Jugend, Kultur und Freizeit |0 (DE-627)1270710834 |0 (DE-625)rvk/123636: |0 (DE-576)200710834 |
| 936 | b | k | |a 71.31 |j Geschlechter und ihr Verhalten |0 (DE-627)106412655 |
| 936 | b | k | |a 71.33 |j Frau |x Soziologie |0 (DE-627)106412671 |
| 936 | s | n | |a d100 |2 mzub |
| 936 | s | n | |a m200 |2 mzub |
| 951 | |a BO | ||
| ELC | |b 1 | ||
| LOK | |0 000 xxxxxcx a22 zn 4500 | ||
| LOK | |0 001 3219018653 | ||
| LOK | |0 003 DE-627 | ||
| LOK | |0 004 489526071 | ||
| LOK | |0 005 20060808160425 | ||
| LOK | |0 008 060808||||||||||||||||ger||||||| | ||
| LOK | |0 040 |a DE-21-110 |c DE-627 |d DE-21-110 | ||
| LOK | |0 541 |e 06/254 | ||
| LOK | |0 689 |a s |a Geschlechterforschung | ||
| LOK | |0 689 |a s |a Mädchencliquen | ||
| LOK | |0 689 |a s |a Mädchen | ||
| LOK | |0 689 |a s |a Cliquen | ||
| LOK | |0 852 |a DE-21-110 | ||
| LOK | |0 852 1 |c O VI 148 |m p |9 00 | ||
| LOK | |0 936ln |a 7.3.3.2 | ||
| LOK | |0 938 |k p | ||
| LOK | |0 939 |a 08-08-06 |b l01 | ||
| ORI | |a SA-MARC-krimdoka001.raw | ||
| SIG | |a IFK: O VI 148 | ||
